000 00625nam a2200229Ia 4500
003 OSt
005 20220927105004.0
006 a|||||r|||| 00| 0
007 ta
008 220926b |||||||| |||| 00| 0 eng d
024 _a196221
037 _cReference Collections
040 _aRTL
_cRTL
_beng
041 _2eng
_aeng
082 _a"H.2.N5, J0.1;1"
100 _aMedlicott H B
_9369138
245 0 _aManual of the geology of India and burma
260 _c1965
300 _a485p
_ccm.
942 _h"H.2.N5, J0.1;1"
_cCC
999 _c690003
_d690003